Digital intergrated electronics (Record no. 5002)
[ view plain ]
| 000 -LEADER | |
|---|---|
| fixed length control field | 00553 a2200181 4500 |
| 020 ## - INTERNATIONAL STANDARD BOOK NUMBER | |
| International Standard Book Number | 0070857881 |
| Terms of availability | 296.76 |
| 035 ## - SYSTEM CONTROL NUMBER | |
| System control number | B-211483 |
| 037 ## - SOURCE OF ACQUISITION | |
| Source of stock number/acquisition | RP-L-249 / UBH-07-08:6 / RP-07-08:ENG |
| 082 14 - DEWEY DECIMAL CLASSIFICATION NUMBER | |
| Classification number | 621.381 |
| 100 1# - MAIN ENTRY--PERSONAL NAME | |
| Personal name | Taub, Herbert |
| 245 1# - TITLE STATEMENT | |
| Title | Digital intergrated electronics |
| Statement of responsibility, etc | by Herbert Taub, Dobnald Schilling |
| 260 ## - PUBLICATION, DISTRIBUTION, ETC. (IMPRINT) | |
| Place of publication, distribution, etc | Singapore |
| Name of publisher, distributor, etc | McGraw Hill |
| Date of publication, distribution, etc | 1977 |
| 300 ## - PHYSICAL DESCRIPTION | |
| Extent | xx, 650 p |
| Dimensions | 21 cm (pbk) |
| 490 ## - SERIES STATEMENT | |
| Series statement | McGraw Hill electrical and electronic engineering series |
| 700 ## - ADDED ENTRY--PERSONAL NAME | |
| Personal name | Schilling, Donald |
| 942 ## - ADDED ENTRY ELEMENTS (KOHA) | |
| Institution code [OBSOLETE] | dpl |
| Item type | English Books |
| Call number prefix | 621.381/ |
| Source of classification or shelving scheme | Dewey Decimal Classification |
| Withdrawn status | Lost status | Not for loan | Home library | Current library | Date acquired | Cost, normal purchase price | Barcode | Cost, replacement price | Koha item type |
|---|---|---|---|---|---|---|---|---|---|
| Central Library | Central Library | 01/11/2017 | 296.76 | B-211483 | 296.76 | English Books |
